Detalles MARC
| 000 -LEADER |
| fixed length control field |
02224nam a2200493Ii 4500 |
| 001 - CONTROL NUMBER |
| control field |
DIGUNINOR0171 |
| 003 - CONTROL NUMBER IDENTIFIER |
| control field |
NyNyDIG |
| 008 - FIXED-LENGTH DATA ELEMENTS--GENERAL INFORMATION |
| fixed length control field |
150910s2015 ck ob 000 0 spa d |
| 006 - FIXED-LENGTH DATA ELEMENTS--ADDITIONAL MATERIAL CHARACTERISTICS |
| fixed length control field |
m o d |
| 007 - PHYSICAL DESCRIPTION FIXED FIELD--GENERAL INFORMATION |
| fixed length control field |
cr ||||||||||| |
| 035 ## - SYSTEM CONTROL NUMBER |
| System control number |
(OCoLC)932334831 |
| 040 ## - CATALOGING SOURCE |
| Original cataloging agency |
DGITA |
| Language of cataloging |
eng |
| Description conventions |
rda |
| -- |
pn |
| Transcribing agency |
DGITA |
| 020 ## - INTERNATIONAL STANDARD BOOK NUMBER |
| International Standard Book Number |
9789587415735 |
| Qualifying information |
(eBook) |
| 020 ## - INTERNATIONAL STANDARD BOOK NUMBER |
| Canceled/invalid ISBN |
9789587415711 |
| 020 ## - INTERNATIONAL STANDARD BOOK NUMBER |
| Canceled/invalid ISBN |
958741571X |
| 043 ## - GEOGRAPHIC AREA CODE |
| Geographic area code |
s-ck--- |
| 050 14 - LIBRARY OF CONGRESS CALL NUMBER |
| Classification number |
F2271 eBook |
| 100 1# - MAIN ENTRY--PERSONAL NAME |
| Personal name |
Trejos Rosero, Luis Fernando, |
| Relator term |
author. |
| 245 13 - TITLE STATEMENT |
| Title |
Un actor no estatal en el escenario internacional : |
| Remainder of title |
el caso de la Fuerzas Armadas Revolucionarias de Colombia, FARC-EP (1966-2010) / |
| Statement of responsibility, etc. |
Luis Fernando Trejos Rosero. |
| 250 ## - EDITION STATEMENT |
| Edition statement |
Primera edición. |
| 264 #1 - PRODUCTION, PUBLICATION, DISTRIBUTION, MANUFACTURE, AND COPYRIGHT NOTICE |
| Place of production, publication, distribution, manufacture |
Barranquilla, Colombia : |
| Name of producer, publisher, distributor, manufacturer |
Editorial Universidad del Norte ; |
| Place of production, publication, distribution, manufacture |
Bogota : |
| Name of producer, publisher, distributor, manufacturer |
Grupo Editorial Ibañez, |
| Date of production, publication, distribution, manufacture, or copyright notice |
2015. |
| 300 ## - PHYSICAL DESCRIPTION |
| Extent |
1 online resource (187 pages) |
| 336 ## - CONTENT TYPE |
| Content type term |
text |
| Content type code |
txt |
| Source |
rdacontent |
| 337 ## - MEDIA TYPE |
| Media type term |
computer |
| Media type code |
c |
| Source |
rdamedia |
| 338 ## - CARRIER TYPE |
| Carrier type term |
online resource |
| Carrier type code |
cr |
| Source |
rdacarrier |
| 504 ## - BIBLIOGRAPHY, ETC. NOTE |
| Bibliography, etc. note |
Includes bibliographical references (pages 168-187) |
| 505 0# - FORMATTED CONTENTS NOTE |
| Formatted contents note |
Nuevos actores y nuevas diplomacias en la escena internacional -- Politíca exterior del estado Colombiano -- Actividad internacional de las FARC-EP. |
| 588 0# - SOURCE OF DESCRIPTION NOTE |
| Source of description note |
Online resource; title from PDF title page (Digitalia, viewed September 10, 2015) |
| 610 20 - SUBJECT ADDED ENTRY--CORPORATE NAME |
| Corporate name or jurisdiction name as entry element |
Fuerzas Armadas Revolucionarias de Colombia. |
| 651 #0 - SUBJECT ADDED ENTRY--GEOGRAPHIC NAME |
| Geographic name |
Colombia |
| General subdivision |
History |
| Chronological subdivision |
1946-1974. |
| 651 #0 - SUBJECT ADDED ENTRY--GEOGRAPHIC NAME |
| Geographic name |
Colombia |
| General subdivision |
History |
| Chronological subdivision |
1974- |
| 651 #0 - SUBJECT ADDED ENTRY--GEOGRAPHIC NAME |
| Geographic name |
Colombia |
| General subdivision |
Politics and government |
| Chronological subdivision |
1946-1974. |
| 651 #0 - SUBJECT ADDED ENTRY--GEOGRAPHIC NAME |
| Geographic name |
Colombia |
| General subdivision |
Politics and government |
| Chronological subdivision |
1974- |
| 650 #0 - SUBJECT ADDED ENTRY--TOPICAL TERM |
| Topical term or geographic name entry element |
Political violence |
| Geographic subdivision |
Colombia. |
| 650 #0 - SUBJECT ADDED ENTRY--TOPICAL TERM |
| Topical term or geographic name entry element |
Guerrillas |
| Geographic subdivision |
Colombia |
| General subdivision |
History. |
| 650 #0 - SUBJECT ADDED ENTRY--TOPICAL TERM |
| Topical term or geographic name entry element |
Insurgency |
| Geographic subdivision |
Colombia |
| General subdivision |
History. |
| 655 #0 - INDEX TERM--GENRE/FORM |
| Genre/form data or focus term |
Electronic books. |
| 776 08 - ADDITIONAL PHYSICAL FORM ENTRY |
| Relationship information |
Print version: |
| Main entry heading |
Trejos Rosero, Luis Fernando. |
| Title |
Actor no estatal en el escenario internacional. |
| Place, publisher, and date of publication |
Barranquilla, Colombia : Universidad del Norte, 2015 |
| International Standard Book Number |
9789587415711 |
| Record control number |
(OCoLC)913073533 |
| 791 2# - |
| -- |
Digitalia (Firm), |
| -- |
distributor. |
| 793 0# - |
| -- |
Digitalia eBook Collection: |
| -- |
Ediciones Uninorte. |
| 856 40 - ELECTRONIC LOCATION AND ACCESS |
| Materials specified |
Digitalia Hispánica |
| Uniform Resource Identifier |
<a href="https://www.digitaliapublishing.com/a/37556/">https://www.digitaliapublishing.com/a/37556/</a> |
| 910 ## - USER-OPTION DATA (OCLC) |
| User-option data |
Premium Collection: 2015 |
| 942 ## - ADDED ENTRY ELEMENTS (KOHA) |
| Koha item type |
Recurso Electrónico |